• 首页
  • 本馆介绍
  • 公告通知
  • 最新文献
  • 馆藏检索
  • 电子资源
  • 读者导购
  • 参考咨询
  • 我的图书馆
  • 登录
  • 详细信息显示
  • 放入我的书架
  • 预约/预借图书
  • 作者相关作品
  • 分类相关作品
  • 丛书相关作品
  • 出版社相关作品

书目信息

  • 表格格式
  • 工作单格式
  • 卡片格式
题名:
论语言接触与语言联盟
    
 
作者: 陈保亚 著
分册:  
出版信息: 北京   语文出版社  1996
页数: 313页
开本: 20cm
丛书名:
单 册:
中图分类: H004.2
科图分类:
主题词: 汉语-关系-壮侗语族--研究 , 壮侗语族-关系-汉语--研究
电子资源:
ISBN: 7-80126-021-X
000 01089nam0 2200325 450
000 01052nam0 2200313 450
000 01047nam0 2200325 450
000 00993nam0 2200301 450
000 01011nam0 2200289 450
000 00974nam0 2200277 45
001 TS2006021211
005 20061216164244.53
010    @a7-80126-021-X@dCNY13.00
100    @a20060829d1996 kemy0chiy0121 ea
101 0  @achi
102    @aCN@b110000
105    @ay m 000yy
200 1  @a论语言接触与语言联盟@Alun yu yan jie chu yu yu yan lian meng@e汉越(侗台)语源关系的解释[博士论文]@f陈保亚著
210    @a北京@c语文出版社@d1996
215    @a313页@d20cm
314    @a陈保亚,北京大学任教、语言学博士
517 1  @a汉越(侗台)语源关系的解释@Ahan yue ( tong tai ) yu yuan guan xi de jie shi
606    @a汉语-关系-壮侗语族@x研究
606    @a壮侗语族-关系-汉语@x研究
690    @aH004.2@v4
701  0 @a陈保亚@Achen bao ya@4著
801  0 @aCN@b中图数据@c20061216
905    @a10447@dH004.2@e149
    
    论语言接触与语言联盟:汉越(侗台)语源关系的解释[博士论文]/陈保亚著.-北京:语文出版社,1996
    313页;20cm
    
    
    ISBN 7-80126-021-X:CNY13.00
    
●
相关链接 在E读中查询图书 在五车中查询图书 在当当中查询图书 在豆瓣中查询图书


正题名:论语言接触与语言联盟     索取号:H004.2/149         预约/预借

序号 登录号 条形码 馆藏地/架位号 状态 备注
1 0606688   206066889   第二样本阅览室/ [索取号:H004.2/149] 在馆    
2 0606689   206066898   第四借阅区/ [索取号:H004.2/149] 在馆    
3 0606690   206066905   第四借阅区/ [索取号:H004.2/149] 在馆    
4 0606691   206066914   第四借阅区/ [索取号:H004.2/149] 在馆    
5 0606692   206066923   第四借阅区/ [索取号:H004.2/149] 在馆    
唐山师范学院图书馆 欢迎您!
大连网信软件有限公司© 版权所有